| 000 | 00662nam a2200217Ia 4500 | ||
|---|---|---|---|
| 999 |
_c19602 _d19602 |
||
| 082 | _aTM.0439 | ||
| 100 | _aMisra, Padma Charan | ||
| 245 | 0 | _aRural government and politics : A study of factionalism in an Orissan village | |
| 260 |
_c1996 _bBerhampur University |
||
| 300 | _a369+p. + C D - 38 | ||
| 650 | _aNUAPADA - RURAL CONDITIONS | ||
| 650 | _aGANJAM///NUAPADA | ||
| 650 | _aGANJAM - RURAL CONDITIONS | ||
| 650 | _aLOCAL GOVERNMENT - ORISSA - GANJAM DISTRICT | ||
| 650 | _aFACTOR ANALYSIS | ||
| 650 | _aORISSA - POLITICS AND GOVERNMENT | ||
| 650 | _aORISSA///GANJAM | ||
| 650 | _aORISSA///NUAPADA | ||
| 710 | _aPadhy, K.S. | ||
| 942 |
_cTH _2ddc |
||